[Event "DEM U16w 2005"]
[Site "Willingen GER"]
[Date "2005.05.19"]
[Round "7"]
[White "Czygan, Dana"]
[Black "Gasch, Franziska"]
[Result "0-1"]
[Termination "normal"]
[Board "10"]
[WhiteElo "1603"]
[BlackElo "1651"]
[PlyCount "160"]
[BlackFideId "24632139"]
[EventCountry "GER"]
[EventRounds "9"]
[EventType "swiss"]
[EventDate "2005.05.15"]

1. d4 Nf6 2. c4 g6 3. Nc3 Bg7 4. Nf3 O-O 5. g3 d6 6. Bg2 Nbd7 7. O-O e5 8. dxe5
dxe5 9. e4 c6 10. Qe2 Qc7 11. Rd1 Re8 12. Be3 Ng4 13. Rd2 Nxe3 14. Qxe3 Nb6 15.
b3 Be6 16. Bf1 Rad8 17. Rad1 Rxd2 18. Rxd2 Rd8 19. Rxd8+ Qxd8 20. Qc5 f6 21. a4
Bf8 22. Qe3 a5 23. Bd3 Nd7 24. Bc2 Nc5 25. Qd2 Qxd2 26. Nxd2 Na6 27. Na2 Bc5
28. Kg2 Bf7 29. Kf3 Nc7 30. Ke2 Ne6 31. Nf3 Nd4+ 32. Nxd4 Bxd4 33. Nc1 Kf8 34.
Nd3 Be6 35. Kf3 Ke7 36. Ne1 Kd7 37. Bd3 b5 38. cxb5 cxb5 39. Bxb5+ Kd6 40. Nd3
Bxb3 41. Ke2 f5 42. f3 Be6 43. Ne1 Bc8 44. Bd3 Bc3 45. Nc2 fxe4 46. Bxe4 Bd7
47. Na3 Bxa4 48. Kd3 Bb4 49. Nc4+ Ke6 50. Nb2 Bb3 51. Bc6 Bd5 52. Bxd5+ Kxd5
53. Na4 h6 54. g4 h5 55. h4 Be1 56. gxh5 gxh5 57. Nb6+ Kc6 58. Nc4 Kb5 59. Nxe5
a4 60. Nc4 Bxh4 61. Na3+ Kb4 62. Nc2+ Kb3 63. Nd4+ Kb2 64. Nb5 Bf6 65. Nd6 Kb3
66. Ne4 a3 67. Nxf6 a2 68. Nxh5 a1=Q 69. Ke4 Qh8 70. Nf4 Qe8+ 71. Kf5 Qf7+ 72.
Ke4 Qe8+ 73. Kf5 Qc6 74. Kg4 Kc4 75. Nh5 Qg6+ 76. Kh4 Kd4 77. Nf4 Qh7+ 78. Kg4
Qg8+ 79. Kf5 Ke3 80. Nh3 Qc8+ 0-1

[Event "DEM U16w 2005"]
[Site "Willingen GER"]
[Date "2005.05.19"]
[Round "7"]
[White "Dobrusina, Anna"]
[Black "Benzen, Marthe"]
[Result "0-1"]
[Termination "normal"]
[Board "11"]
[WhiteElo "1528"]
[BlackElo "1547"]
[PlyCount "62"]
[BlackFideId "24647764"]
[EventCountry "GER"]
[EventRounds "9"]
[EventType "swiss"]
[EventDate "2005.05.15"]

1. e4 e5 2. Nf3 Nc6 3. d4 exd4 4. c3 d6 5. Bc4 Ne5 6. Nxe5 dxe5 7. Qb3 Qf6 8.
O-O Bd6 9. Nd2 Ne7 10. h3 dxc3 11. Nf3 O-O 12. Bg5 Qg6 13. Bxe7 Bxe7 14. Nxe5
Qf6 15. Nxf7 Rxf7 16. Bxf7+ Qxf7 17. Qxc3 Bf6 18. e5 Bd8 19. Rad1 Be6 20. Qd4
Be7 21. b3 Qg6 22. g4 b6 23. Qd3 Qe8 24. f4 Rd8 25. Qe4 Bc5+ 26. Kh2 c6 27.
Rxd8 Qxd8 28. Qxc6 Qd2+ 29. Kg3 Qe3+ 30. Kh4 Be7+ 31. g5 Qxh3# 0-1

[Event "DEM U16w 2005"]
[Site "Willingen GER"]
[Date "2005.05.19"]
[Round "7"]
[White "Ley, Janine"]
[Black "Popovic, Nathalie"]
[Result "1-0"]
[Termination "normal"]
[Board "13"]
[WhiteElo "1466"]
[BlackElo "1591"]
[PlyCount "95"]
[WhiteFideId "24671274"]
[BlackFideId "24630292"]
[EventCountry "GER"]
[EventRounds "9"]
[EventType "swiss"]
[EventDate "2005.05.15"]

1. c4 c5 2. Nc3 Nf6 3. g3 e6 4. e3 d5 5. cxd5 exd5 6. d4 Nc6 7. Nge2 cxd4 8.
Nxd4 Nxd4 9. Qxd4 b6 10. Bg2 Bb7 11. O-O Qd7 12. Rd1 Rd8 13. b3 Bc5 14. Qd3 O-O
15. Ne2 Qc8 16. Nd4 Ba6 17. Qf5 Qxf5 18. Nxf5 Be2 19. Rd2 Bg4 20. Nd4 Ne4 21.
Rd3 Nf6 22. Bb2 Be6 23. h3 Bxd4 24. Rxd4 Rc8 25. Rad1 Rc2 26. R4d2 Rxd2 27.
Rxd2 Ne4 28. Rc2 Rc8 29. Rxc8+ Bxc8 30. h4 Kf8 31. Bf1 Nd2 32. Be2 g6 33. f3
Bb7 34. Ba3+ Ke8 35. Bb4 Nxb3 36. axb3 a5 37. Bc3 Kd7 38. Bd4 Kc6 39. Kf1 Kc7
40. Ke1 Bc6 41. Kd2 b5 42. Kc3 b4+ 43. Kc2 f5 44. g4 Bd7 45. g5 Kb7 46. Bd3 Bc6
47. Kd2 Kc7 48. Ke2 1-0

[Event "DEM U16w 2005"]
[Site "Willingen GER"]
[Date "2005.05.20"]
[Round "8"]
[White "Ohme, Melanie"]
[Black "Zemella, Jennifer"]
[Result "1-0"]
[Termination "normal"]
[Board "1"]
[WhiteElo "2041"]
[BlackElo "1757"]
[PlyCount "75"]
[WhiteFideId "4690745"]
[BlackFideId "24636096"]
[EventCountry "GER"]
[EventRounds "9"]
[EventType "swiss"]
[EventDate "2005.05.15"]

1. e4 e5 2. Bc4 Nf6 3. d3 c6 4. Nf3 Be7 5. O-O d6 6. Nbd2 O-O 7. Re1 Bg4 8. Bb3
Nbd7 9. c3 Nc5 10. Bc2 Ne6 11. h3 Bh5 12. Nf1 Nd7 13. g4 Bg6 14. Ng3 Ng5 15.
Kh2 Nxf3+ 16. Qxf3 Re8 17. Qg2 Bg5 18. Rf1 Bxc1 19. Raxc1 Qg5 20. Ne2 h5 21. f4
exf4 22. Nxf4 hxg4 23. Qxg4 Qxg4 24. hxg4 Ne5 25. Kg3 Bh7 26. Rf2 Ng6 27. Nh3
Nf8 28. Ng5 Bg6 29. Rcf1 Re7 30. Bb3 Ne6 31. Nxf7 Bxf7 32. Rxf7 Rxf7 33. Bxe6
Raf8 34. Kh4 g6 35. Kg5 Kg7 36. Rxf7+ Rxf7 37. Bxf7 Kxf7 38. d4 1-0

[Event "DEM U16w 2005"]
[Site "Willingen GER"]
[Date "2005.05.20"]
[Round "8"]
[White "Nuber, Helene"]
[Black "Mader, Manuela"]
[Result "0-1"]
[Termination "normal"]
[Board "2"]
[WhiteElo "2045"]
[BlackElo "2002"]
[PlyCount "70"]
[WhiteFideId "24613045"]
[BlackFideId "24612928"]
[EventCountry "GER"]
[EventRounds "9"]
[EventType "swiss"]
[EventDate "2005.05.15"]

1. e4 c6 2. d4 d5 3. e5 Bf5 4. Nc3 a6 5. Be3 e6 6. g4 Bg6 7. Nge2 c5 8. Nf4
cxd4 9. Bxd4 Nc6 10. Nxg6 hxg6 11. Bg2 Nge7 12. Ne2 Qc7 13. c3 Nxe5 14. Bxe5
Qxe5 15. f4 Qc7 16. h3 O-O-O 17. Qd2 Nc6 18. O-O-O Na5 19. Nd4 Nc4 20. Qf2 Qb6
21. Qe2 Bd6 22. Rhf1 Kb8 23. Rd3 Rhe8 24. Nb3 a5 25. Qf2 Qb5 26. Nd4 Qa6 27.
Rfd1 a4 28. Nc2 a3 29. bxa3 Qb5 30. Nb4 Nxa3 31. Bxd5 exd5 32. Rxd5 Qc4 33.
Rxd6 Qxc3+ 34. Nc2 Rxd6 35. Rxd6 Rc8 0-1

[Event "DEM U16w 2005"]
[Site "Willingen GER"]
[Date "2005.05.20"]
[Round "8"]
[White "Zikeli, Saskia"]
[Black "Tovmasian, Nelli"]
[Result "1-0"]
[Termination "normal"]
[Board "3"]
[WhiteElo "1935"]
[BlackElo "1832"]
[PlyCount "55"]
[WhiteFideId "24601543"]
[BlackFideId "24611735"]
[EventCountry "GER"]
[EventRounds "9"]
[EventType "swiss"]
[EventDate "2005.05.15"]

1. e4 g6 2. d4 Bg7 3. Nc3 d6 4. f4 Nf6 5. Nf3 c5 6. Bb5+ Bd7 7. e5 Ng4 8. Bxd7+
Nxd7 9. e6 Ndf6 10. exf7+ Kf8 11. Ng5 Qd7 12. d5 Nh6 13. h3 Nxf7 14. Ne6+ Kg8
15. Qd3 Nd8 16. Nxg7 Kxg7 17. Bd2 a6 18. O-O Nf7 19. Rae1 Rae8 20. Ne4 h6 21.
c4 Rh7 22. Bc3 Qd8 23. Re2 Rg8 24. Rfe1 Kf8 25. Nxf6 exf6 26. Re6 Nh8 27. Bxf6
Qd7 28. Qe4 1-0

[Event "DEM U16w 2005"]
[Site "Willingen GER"]
[Date "2005.05.20"]
[Round "8"]
[White "Jehle, Anja"]
[Black "Laake, Jasmin"]
[Result "0-1"]
[Termination "normal"]
[Board "4"]
[WhiteElo "1721"]
[BlackElo "1941"]
[PlyCount "51"]
[WhiteFideId "24631434"]
[BlackFideId "4699939"]
[EventCountry "GER"]
[EventRounds "9"]
[EventType "swiss"]
[EventDate "2005.05.15"]

1. d4 Nf6 2. c4 g6 3. Nc3 Bg7 4. e4 d6 5. f3 O-O 6. Be3 e5 7. Nge2 Nh5 8. g4
Nf4 9. Nxf4 exf4 10. Bxf4 f5 11. gxf5 gxf5 12. Qd2 Nc6 13. Rg1 Kh8 14. Ne2 Qh4+
15. Bg3 Qf6 16. O-O-O fxe4 17. f4 Bg4 18. Bf2 Bxe2 19. Bxe2 Bh6 20. Be3 Bxf4
21. Rgf1 Bxe3 22. Qxe3 Qh4 23. h3 Ne7 24. d5 Nf5 25. Qc3+ Qf6 26. Qe3 0-1

[Event "DEM U16w 2005"]
[Site "Willingen GER"]
[Date "2005.05.20"]
[Round "8"]
[White "Völschow, Toni"]
[Black "Albano Jeremias, Bianca"]
[Result "0-1"]
[Termination "normal"]
[Board "5"]
[WhiteElo "1925"]
[BlackElo "1854"]
[PlyCount "108"]
[WhiteFideId "24622591"]
[BlackFideId "24634247"]
[EventCountry "GER"]
[EventRounds "9"]
[EventType "swiss"]
[EventDate "2005.05.15"]

1. e4 e6 2. d3 d5 3. Nd2 Nf6 4. Ngf3 Bc5 5. e5 Nfd7 6. d4 Be7 7. Bd3 c5 8. c3
Nc6 9. Bc2 Qb6 10. Nb3 cxd4 11. cxd4 a5 12. a4 Nb4 13. Bb1 O-O 14. O-O f6 15.
Bf4 fxe5 16. Bxe5 Nf6 17. Ng5 g6 18. f4 Nc6 19. Qc2 Ne4 20. Nxe4 dxe4 21. Kh1
Bd7 22. Qd1 Nxe5 23. dxe5 Bc6 24. Bc2 Bd5 25. Qd4 Qb4 26. Qxb4 Bxb4 27. Nd4 Bd2
28. Bb3 Bxb3 29. Nxb3 Bxf4 30. Nc5 Bxe5 31. Rfe1 Bxb2 32. Rab1 Bc3 33. Rxe4 e5
34. Nd3 Rfe8 35. h3 Rad8 36. Nc5 Rd4 37. Rxb7 Rc8 38. Rxd4 Bxd4 39. Nb3 Bc3 40.
Ra7 e4 41. Re7 Rc4 42. Kg1 Rxa4 43. Rc7 Bb4 44. Kf2 Bd6 45. Rd7 Ra3 46. Nc1
Bc5+ 47. Ke2 Be3 48. Rc7 Bf4 49. Rc2 Bxc1 50. Rxc1 a4 51. Rc7 Ra1 52. Rc4 a3
53. Ra4 a2 54. Rxe4 Rb1 0-1

[Event "DEM U16w 2005"]
[Site "Willingen GER"]
[Date "2005.05.20"]
[Round "8"]
[White "Mucha, Annegret"]
[Black "Vollak, Marleen"]
[Result "0-1"]
[Termination "normal"]
[Board "6"]
[WhiteTitle "CM"]
[WhiteElo "1884"]
[BlackElo "1701"]
[PlyCount "96"]
[WhiteFideId "24622788"]
[BlackFideId "24624233"]
[EventCountry "GER"]
[EventRounds "9"]
[EventType "swiss"]
[EventDate "2005.05.15"]

1. e4 c5 2. Nc3 e6 3. g3 Nc6 4. Bg2 g6 5. d3 Bg7 6. f4 d6 7. Nf3 Nge7 8. O-O
O-O 9. Nh4 f5 10. g4 Rb8 11. exf5 exf5 12. g5 d5 13. Re1 d4 14. Ne2 Nd5 15. Kh1
Qd6 16. Bf3 Be6 17. Ng2 b5 18. h4 Rfe8 19. Ng3 c4 20. h5 Bf7 21. hxg6 hxg6 22.
a4 Rxe1+ 23. Qxe1 Ncb4 24. Qd1 Qa6 25. dxc4 bxc4 26. Ra3 d3 27. c3 Nc2 28. Ra2
Qb6 29. Qg1 a5 30. Qxb6 Rxb6 31. Nf1 Rd6 32. Bd2 Bf8 33. Nfe3 Ncxe3 34. Bxe3
Nxe3 35. Nxe3 d2 36. Nd1 Bd5 37. Kg2 Bxf3+ 38. Kxf3 Rd3+ 39. Ke2 Bd6 40. Nf2
Rd5 41. Ra1 Bxf4 42. Nh3 Re5+ 43. Kf1 Bg3 44. Nf2 Bh4 45. Rd1 Bxg5 46. Nh3 Re1+
47. Rxe1 dxe1=Q+ 48. Kxe1 Bc1 0-1

[Event "DEM U16w 2005"]
[Site "Willingen GER"]
[Date "2005.05.20"]
[Round "8"]
[White "Fuchs, Judith"]
[Black "Gasch, Franziska"]
[Result "1/2-1/2"]
[Termination "normal"]
[Board "7"]
[WhiteElo "1952"]
[BlackElo "1651"]
[PlyCount "90"]
[WhiteFideId "24605611"]
[BlackFideId "24632139"]
[EventCountry "GER"]
[EventRounds "9"]
[EventType "swiss"]
[EventDate "2005.05.15"]

1. e4 c5 2. Nc3 d6 3. f4 Nc6 4. Bb5 Bd7 5. Bxc6 Bxc6 6. Nf3 Nf6 7. d3 e6 8. O-O
Qc7 9. a4 a6 10. Bd2 Be7 11. Kh1 h6 12. Ne2 d5 13. e5 Nh7 14. Ng3 g6 15. Qe1 a5
16. c3 Qb6 17. Qf2 Qb3 18. Be3 Qb6 19. Rfb1 Qa7 20. b3 b6 21. d4 Nf8 22. Rd1
Nd7 23. Ne2 Kd8 24. c4 Kc7 25. Nc3 Qb7 26. Rd2 dxc4 27. bxc4 Bxf3 28. gxf3 cxd4
29. Nb5+ Kb8 30. Bxd4 Rc8 31. Qe2 g5 32. Be3 g4 33. Kg2 Rg8 34. Kf1 gxf3 35.
Qd3 Nc5 36. Bxc5 Bxc5 37. Qd8+ Qc8 38. Qxc8+ Kxc8 39. Nd4 Bxd4 40. Rxd4 Kc7 41.
Kf2 Rad8 42. Rxd8 Rxd8 43. Kxf3 Rd4 44. Rc1 Kc6 45. Rg1 Kd7 1/2-1/2

[Event "DEM U16w 2005"]
[Site "Willingen GER"]
[Date "2005.05.20"]
[Round "8"]
[White "Hofmann, Christine"]
[Black "Erben, Larissa"]
[Result "1/2-1/2"]
[Termination "normal"]
[Board "8"]
[WhiteElo "1620"]
[BlackElo "1758"]
[PlyCount "163"]
[BlackFideId "24634590"]
[EventCountry "GER"]
[EventRounds "9"]
[EventType "swiss"]
[EventDate "2005.05.15"]

1. d4 d5 2. c4 e6 3. Nc3 c6 4. Nf3 Nf6 5. e3 Nbd7 6. Qc2 Bd6 7. Bd3 dxc4 8.
Bxc4 b5 9. Be2 Bb7 10. O-O a6 11. a4 O-O 12. Rd1 Qc7 13. b3 Rac8 14. h3 c5 15.
axb5 cxd4 16. Rxd4 axb5 17. Bxb5 Bxf3 18. gxf3 Ne5 19. Be2 Nd5 20. f4 Qxc3 21.
Qxc3 Nxc3 22. Kf1 Nxe2 23. Kxe2 Bb8 24. Ba3 Rfe8 25. Bb2 Rc2+ 26. Rd2 Rxd2+ 27.
Kxd2 Rd8+ 28. Ke2 Nc6 29. Rg1 g6 30. h4 Rd5 31. Bf6 Na5 32. Rc1 Bd6 33. Rc8+
Bf8 34. Be7 Nxb3 35. Bxf8 f5 36. Bb4+ Kf7 37. Rc7+ Kg8 38. Bc3 Nc1+ 39. Kf3 Rd3
40. Be5 Nb3 41. Rg7+ Kf8 42. Rxh7 Rd5 43. Bf6 Nd2+ 44. Kg2 Ne4 45. Bd4 Nd6 46.
Bc3 Ne4 47. Bb4+ Kg8 48. Re7 Rb5 49. Be1 Nc5 50. f3 Kf8 51. Ra7 Rb7 52. Ra2 Kf7
53. Re2 Ra7 54. e4 Nd3 55. Kg3 Ra1 56. Bf2 Rb1 57. Rd2 Rb3 58. Kg2 Nxf4+ 59.
Kg3 Nh5+ 60. Kg2 Nf6 61. exf5 gxf5 62. Bd4 Nh5 63. Rb2 Rxb2+ 64. Bxb2 Nf4+ 65.
Kg3 Nd5 66. h5 Ne7 67. Kf4 Nd5+ 68. Kg5 Ne7 69. h6 Ng6 70. h7 f4 71. Bc3 e5 72.
Bxe5 Nxe5 73. h8=Q Ke6 74. Kxf4 Ng6+ 75. Kg5 Nxh8 76. f4 Nf7+ 77. Kg6 Ke7 78.
f5 Kf8 79. f6 Ne5+ 80. Kf5 Nd7 81. Ke6 Nxf6 82. Kxf6 1/2-1/2

[Event "DEM U16w 2005"]
[Site "Willingen GER"]
[Date "2005.05.20"]
[Round "8"]
[White "Opaska, Ines"]
[Black "Muratow, Katerina"]
[Result "1-0"]
[Termination "normal"]
[Board "9"]
[WhiteElo "1575"]
[BlackElo "1464"]
[PlyCount "77"]
[EventCountry "GER"]
[EventRounds "9"]
[EventType "swiss"]
[EventDate "2005.05.15"]

1. f4 d5 2. Nf3 Nf6 3. g3 Bf5 4. Bg2 e6 5. O-O c5 6. d3 Nc6 7. Qe1 Qb6 8. Kh1
Bd6 9. Nh4 Bg4 10. e4 dxe4 11. dxe4 Nd4 12. Na3 e5 13. c3 Nb5 14. Nc4 Qc7 15.
a4 Nd4 16. cxd4 cxd4 17. Nxd6+ Qxd6 18. f5 Qa6 19. b4 Be2 20. Rf2 d3 21. Bf3
Qc4 22. Bxe2 Qxe4+ 23. Ng2 dxe2 24. Rxe2 Qd3 25. Rxe5+ Kf8 26. b5 Kg8 27. Ra3
Qc4 28. Re7 Qd5 29. Re5 Qc4 30. Bg5 Nd7 31. Re8+ Rxe8 32. Qxe8+ Nf8 33. Ra1 f6
34. Bf4 Qd4 35. Rc1 h5 36. h4 Qb4 37. Rc8 a6 38. bxa6 bxa6 39. Rd8 1-0

[Event "DEM U16w 2005"]
[Site "Willingen GER"]
[Date "2005.05.20"]
[Round "8"]
[White "Nekrassova, Ekatherina"]
[Black "Benzen, Marthe"]
[Result "1/2-1/2"]
[Termination "normal"]
[Board "10"]
[WhiteElo "1538"]
[BlackElo "1547"]
[PlyCount "144"]
[BlackFideId "24647764"]
[EventCountry "GER"]
[EventRounds "9"]
[EventType "swiss"]
[EventDate "2005.05.15"]

1. d4 c5 2. e3 cxd4 3. exd4 g6 4. Bd3 Bg7 5. c3 d6 6. Nf3 Nc6 7. Be3 f5 8. O-O
Nf6 9. Nbd2 O-O 10. Qb3+ Kh8 11. Ng5 d5 12. Bf4 h6 13. Ngf3 Ne4 14. h3 g5 15.
Bh2 Nxd2 16. Nxd2 e5 17. dxe5 Bxe5 18. Bxe5+ Nxe5 19. Qc2 Qc7 20. Rae1 g4 21.
f4 Nc6 22. Re3 Qb6 23. Rfe1 gxh3 24. gxh3 d4 25. cxd4 Qxd4 26. Qc3 Qxc3 27.
bxc3 b6 28. Nf3 Bd7 29. Nh4 Rg8+ 30. Kf2 Raf8 31. Bb5 Rf6 32. Bxc6 Bxc6 33. Re6
Rxe6 34. Rxe6 Be4 35. Rxh6+ Kg7 36. Rg6+ Kf7 37. Rxg8 Kxg8 38. Nf3 Kg7 39. Ne5
Kh6 40. Kg3 Bd5 41. a3 b5 42. Nd7 Kg6 43. Kf2 Kf7 44. Ke3 Kg6 45. h4 Bb3 46.
Ne5+ Kh5 47. Nf3 Bd1 48. Nd4 Kxh4 49. Nxf5+ Kg4 50. Nd6 a6 51. Ke4 Bc2+ 52. Ke5
Kf3 53. f5 Ke3 54. f6 Bg6 55. c4 bxc4 56. Nxc4+ Kd3 57. Nb6 Kc3 58. Kd6 Kb3 59.
a4 Kb4 60. Kc7 Ka5 61. Kb7 Bh5 62. Nd5 Kxa4 63. Kxa6 Bf7 64. Nf4 Kb4 65. Kb6
Kc4 66. Kc6 Kd4 67. Kd6 Ke4 68. Ke7 Bg8 69. Kf8 Bc4 70. Ng6 Kf5 71. Kg7 Kg5 72.
Ne7 Be6 1/2-1/2

[Event "DEM U16w 2005"]
[Site "Willingen GER"]
[Date "2005.05.20"]
[Round "8"]
[White "Dittrich, Jacqueline"]
[Black "Ley, Janine"]
[Result "0-1"]
[Termination "normal"]
[Board "11"]
[WhiteElo "1648"]
[BlackElo "1466"]
[PlyCount "68"]
[WhiteFideId "24666270"]
[BlackFideId "24671274"]
[EventCountry "GER"]
[EventRounds "9"]
[EventType "swiss"]
[EventDate "2005.05.15"]

1. e4 d6 2. d4 Nf6 3. Nc3 g6 4. Bg5 Nfd7 5. Qd2 h6 6. Bh4 Bg7 7. f4 c6 8. O-O-O
b5 9. e5 Qc7 10. Re1 dxe5 11. fxe5 g5 12. Bg3 e6 13. h4 g4 14. h5 Bf8 15. Qf2
Qa5 16. Re4 Rg8 17. Rf4 Rg7 18. Be2 b4 19. Nb1 Ba6 20. Rxg4 Rxg4 21. Bxg4 Qxa2
22. Be2 Nb6 23. Bxa6 Nxa6 24. c3 Nd5 25. Ne2 bxc3 26. Nexc3 Nxc3 27. Nxc3 Qa1+
28. Nb1 Nb4 29. Qf3 Rb8 30. Kd2 Qxb2+ 31. Ke3 Nd5+ 32. Ke4 Qc2+ 33. Qd3 Rb3 34.
Qxc2 Re3# 0-1

[Event "DEM U16w 2005"]
[Site "Willingen GER"]
[Date "2005.05.20"]
[Round "8"]
[White "Winter, Hannah"]
[Black "Czygan, Dana"]
[Result "1/2-1/2"]
[Termination "normal"]
[Board "12"]
[WhiteElo "1386"]
[BlackElo "1603"]
[PlyCount "106"]
[EventCountry "GER"]
[EventRounds "9"]
[EventType "swiss"]
[EventDate "2005.05.15"]

1. e4 c5 2. Nc3 Nc6 3. d3 e6 4. Be3 Nf6 5. g3 d5 6. exd5 exd5 7. d4 c4 8. h3
Bb4 9. Nge2 Ne4 10. Bg2 Nxc3 11. Nxc3 Bxc3+ 12. bxc3 Be6 13. O-O O-O 14. Qd2
Qd7 15. Kh2 Rfe8 16. f4 Bf5 17. Rae1 Be4 18. Bxe4 Rxe4 19. f5 Rae8 20. Rf4 Rxf4
21. Bxf4 f6 22. Rxe8+ Qxe8 23. Qg2 Qd7 24. g4 Kf7 25. Qe2 g6 26. fxg6+ hxg6 27.
h4 Qd8 28. Qf3 Ne7 29. Be5 f5 30. gxf5 Nxf5 31. Bg3 Qd7 32. h5 Qe6 33. hxg6+
Kxg6 34. Qg4+ Kf7 35. Qh5+ Qg6 36. Qxg6+ Kxg6 37. Bf2 b5 38. Kg2 Ne7 39. a3 Kf5
40. Kf3 Nc6 41. Be1 a5 42. Ke3 Kg4 43. Bd2 Ne7 44. Kf2 Nf5 45. Be3 Ng3 46. Bd2
Ne4+ 47. Ke3 Nxd2 48. Kxd2 Kf3 49. Ke1 Ke3 50. Kd1 b4 51. cxb4 axb4 52. axb4
Kxd4 53. c3+ Ke5 1/2-1/2

[Event "DEM U16w 2005"]
[Site "Willingen GER"]
[Date "2005.05.20"]
[Round "8"]
[White "Popovic, Nathalie"]
[Black "Dobrusina, Anna"]
[Result "0-1"]
[Termination "normal"]
[Board "13"]
[WhiteElo "1591"]
[BlackElo "1528"]
[PlyCount "70"]
[WhiteFideId "24630292"]
[EventCountry "GER"]
[EventRounds "9"]
[EventType "swiss"]
[EventDate "2005.05.15"]

1. d4 Nf6 2. c4 g6 3. Nc3 Bg7 4. e4 d6 5. Nf3 O-O 6. Be2 e5 7. d5 Ne8 8. O-O f5
9. b4 f4 10. c5 g5 11. Nd2 Nd7 12. Nb3 Ndf6 13. f3 h5 14. cxd6 cxd6 15. Bb2 g4
16. Qe1 Nh7 17. Rc1 Qg5 18. fxg4 hxg4 19. Qd2 Rf6 20. Bd1 Qh4 21. Qe1 g3 22. h3
Rh6 23. Qd2 Bxh3 24. gxh3 Qxh3 25. Qg2 Qxg2+ 26. Kxg2 Rh2+ 27. Kg1 Rxb2 28. Bg4
Nef6 29. Bf5 Ng5 30. Rb1 Rxb1 31. Rxb1 Kf7 32. Nb5 Ngxe4 33. Re1 Ng5 34. Nxd6+
Ke7 35. Nxb7 Nf3+ 0-1

[Event "DEM U16w 2005"]
[Site "Willingen GER"]
[Date "2005.05.21"]
[Round "9"]
[White "Zikeli, Saskia"]
[Black "Ohme, Melanie"]
[Result "1/2-1/2"]
[Termination "normal"]
[Board "1"]
[WhiteElo "1935"]
[BlackElo "2041"]
[PlyCount "105"]
[WhiteFideId "24601543"]
[BlackFideId "4690745"]
[EventCountry "GER"]
[EventRounds "9"]
[EventType "swiss"]
[EventDate "2005.05.15"]

1. e4 c5 2. Nf3 e6 3. d4 cxd4 4. Nxd4 a6 5. Bd3 Bc5 6. Nb3 Ba7 7. Nc3 Nc6 8.
Qe2 d6 9. Be3 Nge7 10. O-O-O b5 11. Bxa7 Rxa7 12. Qe3 b4 13. Ne2 a5 14. Bb5 O-O
15. Nbd4 Rc7 16. Nxc6 Nxc6 17. Qd3 b3 18. Qxb3 Nb4 19. Nc3 Qg5+ 20. Kb1 Qxg2
21. a3 Nc6 22. Qc4 Bb7 23. Qd3 Rd8 24. Qg3 Qxg3 25. hxg3 Ne7 26. Rd2 d5 27.
Rhd1 g6 28. exd5 Nxd5 29. Ne4 Rf8 30. Re1 Bc6 31. Bc4 Kg7 32. Bb3 Rb8 33. Nc5
Bb5 34. Ne4 Bc4 35. Bxc4 Rxc4 36. Kc1 Rc6 37. Rd3 Nb6 38. Rd6 Rc7 39. Nd2 Na4
40. b3 Nc3 41. Rd3 Nd5 42. c4 h5 43. Kb2 Nb6 44. Rc1 g5 45. Ka2 f5 46. Rd6 Kf6
47. Rh1 a4 48. Rxh5 axb3+ 49. Nxb3 Nxc4 50. Rh6+ Kg7 51. Rdxe6 Rcb7 52. Rhg6+
Kh7 53. Rh6+ 1/2-1/2

[Event "DEM U16w 2005"]
[Site "Willingen GER"]
[Date "2005.05.21"]
[Round "9"]
[White "Albano Jeremias, Bianca"]
[Black "Vollak, Marleen"]
[Result "1-0"]
[Termination "normal"]
[Board "3"]
[WhiteElo "1854"]
[BlackElo "1701"]
[PlyCount "53"]
[WhiteFideId "24634247"]
[BlackFideId "24624233"]
[EventCountry "GER"]
[EventRounds "9"]
[EventType "swiss"]
[EventDate "2005.05.15"]

1. e4 c5 2. Nf3 e6 3. d4 cxd4 4. Nxd4 Nc6 5. Nc3 Qc7 6. Be3 a6 7. Bd3 Nf6 8.
O-O Nxd4 9. Bxd4 Bc5 10. Bxc5 Qxc5 11. Kh1 b5 12. a3 O-O 13. f4 d6 14. Qf3 Bb7
15. Qh3 h6 16. Rae1 b4 17. e5 Nd5 18. Ne4 Qd4 19. Qg3 Qxb2 20. Nxd6 Bc6 21. f5
Ne7 22. f6 Ng6 23. Bxg6 fxg6 24. Qxg6 Ra7 25. f7+ Kh8 26. Ne8 Bxe8 27. fxe8=Q
1-0

[Event "DEM U16w 2005"]
[Site "Willingen GER"]
[Date "2005.05.21"]
[Round "9"]
[White "Gasch, Franziska"]
[Black "Völschow, Toni"]
[Result "1/2-1/2"]
[Termination "normal"]
[Board "6"]
[WhiteElo "1651"]
[BlackElo "1925"]
[PlyCount "122"]
[WhiteFideId "24632139"]
[BlackFideId "24622591"]
[EventCountry "GER"]
[EventRounds "9"]
[EventType "swiss"]
[EventDate "2005.05.15"]

1. e4 c5 2. Nc3 Nc6 3. g3 g6 4. Bg2 Bg7 5. d3 e6 6. f4 Nge7 7. Nf3 d6 8. O-O
Rb8 9. Be3 b5 10. d4 b4 11. Ne2 cxd4 12. Nexd4 O-O 13. Kh1 Qc7 14. Rb1 a5 15.
Qd3 Na7 16. Nh4 f5 17. exf5 gxf5 18. Rbe1 Rf6 19. Bg1 Nec6 20. Qc4 d5 21. Qd3
Bd7 22. Nhf3 Re8 23. Ne5 Nxe5 24. Rxe5 Rf7 25. Re3 Qc4 26. Qxc4 dxc4 27. Ree1
Nb5 28. Rd1 Rc8 29. h3 c3 30. b3 Na3 31. Rc1 Re8 32. Rfe1 Kf8 33. Nf3 Bc6 34.
Ne5 Bxe5 35. Rxe5 Bxg2+ 36. Kxg2 Ra8 37. Kf3 Rd7 38. Bf2 Rd5 39. Be3 Rxe5 40.
fxe5 Rb8 41. Bf4 Nb5 42. Rd1 Rb7 43. Ke2 Na3 44. Kd3 Rb5 45. Rc1 Rd5+ 46. Ke2
Ke7 47. Bg5+ Kd7 48. Bf4 Kc6 49. Ke1 Kb5 50. Ke2 Kc6 51. Ke1 a4 52. Ke2 axb3
53. axb3 Nb5 54. Kf2 Nd4 55. Be3 Nb5 56. Bf4 Rd8 57. Ra1 Na3 58. Rc1 Ra8 59.
Ra1 Ra5 60. Ke2 Rd5 61. Rc1 Nb5 1/2-1/2

[Event "DEM U16w 2005"]
[Site "Willingen GER"]
[Date "2005.05.21"]
[Round "9"]
[White "Opaska, Ines"]
[Black "Mucha, Annegret"]
[Result "0-1"]
[Termination "normal"]
[Board "7"]
[BlackTitle "CM"]
[WhiteElo "1575"]
[BlackElo "1884"]
[PlyCount "86"]
[BlackFideId "24622788"]
[EventCountry "GER"]
[EventRounds "9"]
[EventType "swiss"]
[EventDate "2005.05.15"]

1. f4 Nf6 2. Nf3 b6 3. g3 Bb7 4. Bg2 c5 5. d3 d5 6. O-O Nc6 7. Qe1 e6 8. Na3
Be7 9. e4 O-O 10. e5 Ne8 11. g4 a6 12. Kh1 b5 13. c3 b4 14. Nc2 bxc3 15. bxc3
Rb8 16. f5 Qc7 17. h4 exf5 18. gxf5 f6 19. e6 Bd6 20. h5 Ne5 21. Nxe5 fxe5 22.
h6 d4 23. Bxb7 Qxb7+ 24. Kg1 Qe7 25. hxg7 Qxg7+ 26. Kh1 Kh8 27. Bd2 dxc3 28.
Be3 Qg4 29. Qf2 e4 30. Bf4 Bxf4 31. Qxf4 Qxf4 32. Rxf4 exd3 33. Ne3 c2 34. Rff1
Nd6 35. e7 Rf6 36. Kh2 Rg8 37. Rf3 Rh6+ 38. Rh3 Rxh3+ 39. Kxh3 Rb8 40. Nxc2
dxc2 41. f6 Kg8 42. Rc1 Rb2 43. Rf1 Kf7 0-1

[Event "DEM U16w 2005"]
[Site "Willingen GER"]
[Date "2005.05.21"]
[Round "9"]
[White "Erben, Larissa"]
[Black "Jehle, Anja"]
[Result "1/2-1/2"]
[Termination "normal"]
[Board "8"]
[WhiteElo "1758"]
[BlackElo "1721"]
[PlyCount "23"]
[WhiteFideId "24634590"]
[BlackFideId "24631434"]
[EventCountry "GER"]
[EventRounds "9"]
[EventType "swiss"]
[EventDate "2005.05.15"]

1. e4 c5 2. Nc3 Nc6 3. g3 g6 4. Bg2 Bg7 5. d3 d6 6. Be3 e6 7. Qd2 a6 8. f4 Bd7
9. Nf3 Qc7 10. O-O Nge7 11. g4 h5 12. g5 1/2-1/2